000 01032cad a22002295a 4500
001 E146395
008 090115s2009 xxk f s000 0 eng d
035 _a(Sirsi) u146395
041 0 _aeng
110 2 _aScotland
_kLaws, etc
245 0 4 _aThe Non-Domestic Rate (Scotland) Order 2009
_h[electronic resource]
260 _aEdinburgh
_bScottish Government
_c2009
490 0 _aScottish Statutory Instrument
_v2009: 3
520 _aComes into force on 1 April 2009. Sets a rate of 48.1 pence in the pound as the non-domestic rate to be levied across Scotland for the 2009/2010 financial year (the rate was 45.8 pence in the pound in 2008/2009).
521 _aAdvanced
590 _aKA
650 2 4 _aNON-DOMESTIC RATE (SCOTLAND) ORDER 2009
651 4 _aScotland
_y1999-
690 _aPROPERTY-COMMERCIAL PROPERTY-COMMERCIAL PROPERTY TAXATION-BUSINESS RATES
856 4 0 _uhttps://www.opsi.gov.uk/legislation/scotland/ssi2009/ssi_20090003_en_1
_zView the statutory instrument free of charge at www.opsi.gov.uk...
942 _n0
999 _c109157
_d109157